000 00607cam a22002057a 4500
003 OSt
005 20180319142806.0
008 970707s1996 es 000 0 spa
010 _a 97169557
040 _cBMC
082 _aSv861
100 1 _aDalton, Roque
_d1935-1975
_99180
245 1 3 _aLa ventana en el rostro
_cRoque Dalton
250 _a1ª ed
260 _aSan Salvador
_bConsejo Nacional para la Cultura y el Arte
_c1996
300 _a126 p.
_c22 cm
490 _aBiblioteca Básica de Literatura Salvadoreña
_v10
650 2 4 _921923
_aPoesía salvadoreña
942 _2ddc
_cBK
_hprozim
999 _c17856
_d17856